| 000 | 00831nam a22002417a 4500 | ||
|---|---|---|---|
| 005 | 20230530022626.0 | ||
| 008 | 221214b |||||||| |||| 00| 0 eng d | ||
| 020 | _a978-1-4403-4554-8 | ||
| 082 | _aGrad. 808.3 W956 2016 | ||
| 110 |
_aWriter's Digest _dauthor |
||
| 245 |
_aCrafting dynamic dialogue: _bthe complete guide to speaking, conversing, arguing, and thinking in fiction / _cWriters Digest; edited by Cris Freese; foreword by Cheryl St. John |
||
| 250 | _a1st ed. | ||
| 260 |
_aCincinnati, OH: _bWriter's Digest Books, _cc2016. |
||
| 300 |
_aviii, 295p.; _bill. |
||
| 504 | _aIncludes index | ||
| 541 | _e6925 | ||
| 650 | _aWriting | ||
| 650 | _aDialogue | ||
| 650 | _aFiction - Authorship | ||
| 650 | _aInterpersonal communication | ||
| 700 |
_aFresse, Cris _eeditor |
||
| 700 |
_aSt. John, Cheryl _eforeword |
||
| 999 |
_c387 _d387 |
||